[Event "Auckland Morrison Memorial"]
[Site "Auckland"]
[Date "2022.10.23"]
[Round "4"]
[White "Xie, Felix"]
[Black "Moffitt, Samuel"]
[Result "1-0"]
[WhiteElo "2044"]
[BlackElo "1513"]
[PlyCount "63"]
[EventDate "2022.10.22"]
[EventType "swiss"]
[EventRounds "6"]
[EventCountry "NZL"]
[SourceTitle "EXT 2024"]
[Source "ChessBase"]
[SourceDate "2023.10.10"]
[SourceVersion "1"]
[SourceVersionDate "2023.10.10"]
[SourceQuality "1"]

1. d4 d5 2. c4 c6 3. cxd5 cxd5 4. Bf4 Nc6 5. e3 Nf6 6. Bd3 a6 7. Nc3 e6 8. Rc1 Bd6 9. Bxd6 Qxd6 10. f4 b5 11. Nf3 Nb4 12. Bb1 Nc6 13. 0-0 0-0 14. Ne5 Bb7 15. Qf3 Nd7 16. Qh5 Nf6 17. Qh4 Ne7 18. g4 Ng6 19. Bxg6 fxg6 20. Rf3 Rac8 21. Rcf1 Bc6 22. Ne2 Qb4 23. f5 exf5 24. gxf5 gxf5 25. Ng3 Nd7 26. Nxf5 Nxe5 27. Ne7+ Qxe7 28. Qxe7 Nxf3+ 29. Rxf3 Rxf3 30. Qe6+ Kf8 31. Qxc8+ Be8 32. Qc5+ 1-0